Регионална библиотека "Любен Каравелов" - Русе

Фън шуй (Запис номер 84900)

MARC детайли
000 -Лидер
Контролно поле с фиксирана дължина 02056nam a2200421 c 4500
003 - Код на организацията, давaща контролен номер
Контролно поле BLK
005 - Дата и час на последна редакция
Контролно поле 20250206160036.0
008 - Елементи от данни с фиксирана дължина
fixed length control field 180408b bul|||||r ||||||| ||bul||
010 ## - Наследен системен номер
LC control number KNG00089493000
020 ## - Международен стандартен номер на книга ISBN
Международен стандартен номер на книга ISBN 954-626-196-3
-- издат.: Аратрон
040 ## - Източник на каталожния запис
Идентификатор на билиотеката - собственик на записа BLK
041 ## - Код за език
Код за езика на текст/звукозапис или на отделно заглавие Български
Код за езика КДБФ Български
080 ## - УДК
Текстов определител УДК Разпространяване на научните знания - популяризиране на науката, занимателна наука, учение за явленията научно необяснени, заблуждения и фалшификации, илюзии и др. п., секретност на научните знания
УДК код - определител по УДК 001.9
УДК определител (035)
УДК - код + определител 001.9(035)
080 ## - УДК
Текстов определител УДК Жилища. Вътрешно устройство и обзавеждане
УДК код - определител по УДК 643/645
УДК определител (035)
УДК - код + определител 643/645(035)
100 1# - Редна дума - Автор
Автор Росбах, Сара
Авторска отговорност първи автор
R(LIN) 116969
139 ## - Редно поле
Редна дума Росбах, Сара
Авторски знак Рос - Р 85
245 10 - Сведения за заглавието
Заглавие Фън шуй
Подзаглавни данни Вътрешен дизайн
Редно поле (дума) Сара Росбах; прев. от англ. Маргарита Спасова; предисл. и калиграфия Лин Юн.
257 ## - Страна на издаване
Страна на създаване/издаване Съединени американски щати
260 ## - Област на издателските данни
-- София
Име на издателя, разпространителя и проч. Аратрон
Година на издаване 2004
300 ## - Физическа характеристика
Страници 288 с.
Илюстрации и др. с ил.
Размери/Мащаб 22 см
380 ## - Жанр
Жанр Общ отдел
490 1# - СЕРИИ (Колекции)
Име на серия Серия Фън шуй
500 ## - Общи забележки
Забележка Ориг. загл. Interior Design With Feng Shui / Sarah Rossbach. - За авторката ; Речник.
650 #4 - Допълнително описание по предмет – тема
Основно описание – тема или топоним Фън шуй
9 (RLIN) 176310
650 #4 - Допълнително описание по предмет – тема
Основно описание – тема или топоним Архитектура, вътрешна
9 (RLIN) 268072
653 ## - Ключова дума – ненормативна
Ключова дума интериор
653 ## - Ключова дума – ненормативна
Ключова дума обзавеждане
653 ## - Ключова дума – ненормативна
Ключова дума фън шуй
653 ## - Ключова дума – ненормативна
Ключова дума вътрешна архитектура
700 1# - Други автори (авторска отговорност)
Лично име Спасова, Маргарита Емилова
9 (RLIN) 122607
700 1# - Други автори (авторска отговорност)
Лично име Лин Юн
Автороска отговорност (Описва отношението между автора и произведението) предисл. и калиграфия
9 (RLIN) 301611
852 ## - Местоположение
Форматна сигнатура Цб 244006
856 4# - Електронен адрес и достъп
Електронен формат pdf - файл
Път до файла /url/
856 4# - Електронен адрес и достъп
Електронен формат pdf - файл
Път до файла /url/
942 ## - АРТИКУЛИ
Вид на библиотечния материал Книги
Скрит в OPAC Не
Koha issues (borrowed), all copies 5
944 ## - СЪЗДАВАНЕ И РЕДАКЦИЯ на ЗАПИСА
Създаване/Редакция Създаване
Дата на регистрацията/редакция 14.05.2009
Статус, дата на статуса Цветомила Тодорова
Служител, извършил регистрацията/редакцията 30576
944 ## - СЪЗДАВАНЕ И РЕДАКЦИЯ на ЗАПИСА
Създаване/Редакция Редакция
Дата на регистрацията/редакция 17.12.2012
Статус, дата на статуса ф /
Служител, извършил регистрацията/редакцията
999 ## - СИСТЕМНИ КОНТРОЛНИ НОМЕРА
Koha biblionumber 84900
Koha biblioitemnumber 84900
Наличности
Код за отписване Код за изгубен артикул Код за повреда Коз за рестрикции Код за отдаване Артикулен № Име на библиотеката - собственик Име на библиотеката, в която се намира в момента Статус (Текущо местоположение) Дата на вписване в системата Местоположение - отдел Цена в лева Инвентарен номер Систематично азбучна сигнатура Баркод Номер на екземпляра Цена в евро Служебна бележка Служебен тип на артикула
  Не е изгубен Не е повреден без рестрикции ползва се в читалня 137718 Регионална библиотека "Любен Каравелов" Русе Регионална библиотека "Любен Каравелов" Русе Хранилище 2009-05-14 Хранилище 7.20 120000735620 Цб 244006 120000735620 1 3.68 Дост: Dp Вид: Д N: 49 Дата: 19.11.2008 Книги
  Не е изгубен Не е повреден без рестрикции заемане за дома 137719 Регионална библиотека "Любен Каравелов" Русе Регионална библиотека "Любен Каравелов" Русе Заемна - подръчен фонд 2012-11-28 Заемна - подръчен фонд 5.00 120000761948 П 001.9/Р 85 120000761948 2 2.56 Дост: Pk Вид: Ф N: 324 Дата: 19.11.2012 Дата инв: 01.02.2018 Бележки инв: П2018 Книги
Vip Innovations Ltd, Rousse, Bulgaria 2025